000 00743nam a2200241 i 4500
001 bg
100 1 _aZIELIŃSKI, Maciej
_d(1940- )
245 1 0 _aWykładnia prawa :
_bzasady, reguły, wskazówki /
_cMaciej Zieliński.
250 _aWyd. 3 rozsz.
260 _aWarszawa :
_bWydawnictwo Prawnicze LexisNexis,
_c2006.
300 _a352 s. ;
_c21 cm.
504 _aIndeks.
650 9 _aPrawo
_xwykładnia
655 _aPodręczniki akademickie
020 _a9788373346642
040 _cBPK
041 0 _apol
080 _a340.1(075.8)
920 _a978-83-7334-664-2
942 _cKS
008 s pl f |000 0 pol
999 _c53318
_d53318
856 _uhttp://koha.tu.koszalin.pl/cgi-bin/koha/opac-detail.pl?biblionumber=53318
_yKatalog online BPK